| 000 | 00897 a2200241 4500 | ||
|---|---|---|---|
| 003 | Nust | ||
| 005 | 20170207154033.0 | ||
| 010 | _a 2001045906 | ||
| 020 | _a0814406289 | ||
| 040 | _cNust | ||
| 082 | 0 | 0 | _a658.478 |
| 100 | 1 | _aMerkow, Mark S. | |
| 245 | 1 | 4 |
_aThe E-Privacy imperative (E-Book) _bprotect your customers' Internet privacy and ensure your company's survival in the electronic age / _cMark S. Merkow, James Breithaupt. |
| 260 |
_aNew York : _bAMACOM, _cc2002. |
||
| 300 |
_axi, 267 p. : _bill. ; _c23 cm. |
||
| 505 | _aPart 1: E-Privacy Is a Business Priority (Page-1) 1 Part 2: Tools to Build Customer Confidence (Page-113) | ||
| 650 | 0 |
_aBusiness enterprises _xComputer networks _xSecurity measures. |
|
| 650 | 0 |
_aElectronic commerce _xSecurity measures. |
|
| 650 | 0 | _aElectronic commerce. | |
| 650 | 0 | _aPrivacy, Right of. | |
| 651 | _a(E-Book) | ||
| 700 | 1 |
_aBreithaupt, Jim, _d1955- |
|
| 942 |
_2ddc _cBK |
||
| 999 |
_c192272 _d192272 |
||